| 000 | 00545nam a2200133Ia 4500 | ||
|---|---|---|---|
| 008 | 200909s9999 xx 000 0 und d | ||
| 020 | _a978-621-04-0103-5 | ||
| 100 | _aPawilen, Greg Tabios | ||
| 245 |
_cGreg Tabios Pawilen, Ericson M. Reyes, John Amiel A. Rivera, Trixie Marie J. Sison _aThe School community and the community, school culture, and organizational leadership/ |
||
| 260 |
_aQuezon City: _bREX Bookstore _c2019 |
||
| 300 |
_avi, 99 pages _c25 cm. |
||
| 650 | _aEducational leadership | ||
| 650 | _aSchool management and organization | ||
| 999 |
_c364156 _d364156 |
||